| 000 | 00791nam a22002177a 4500 | ||
|---|---|---|---|
| 005 | 20240530110528.0 | ||
| 008 | 150521s2012 ua g 000 0 ara d | ||
| 017 |
_a2002/3229 _bمصر . دار الكتب المصرية |
||
| 020 | _a9775723647 | ||
| 040 | _aEG-CaGPL | ||
| 082 | 0 | 4 |
_221 _a260\ _bع د |
| 100 | 0 | _aعلى احمد اسماعيل . | |
| 245 | 1 | 0 |
_aدراسات اسلامية بين الشريعة والحقيقة و الرمز / _cعلى احمد اسماعيل . |
| 250 | _aط1. | ||
| 260 |
_aالقاهرة : _bايتراك للطباعة والنشر والتوزيع ، _c2012. |
||
| 300 |
_a264 ص ؛ _c24 سم . |
||
| 650 | 0 | 4 | _aالتصوف الاسلامى . |
| 650 | 0 | 4 | _aالرمزية . |
| 942 |
_2ddc _cBK |
||
| 999 |
_c62028 _d62028 |
||